Environmental geology of the Austin area : an aid to urban planning /

Bibliographic Details
Main Author: Garner, L. E.
Other Authors: Young, Keith Preston, 1941-
Format: Book
Language:English
Published: Austin, Tex. : Bureau of Economic Geology, University of Texas at Austin, 1976.
Series:Report of investigations (University of Texas at Austin. Bureau of Economic Geology) ; no. 86.
Subjects:

MARC

Tag First Indicator Second Indicator Subfields
LEADER 00000cam a2200000 a 4500
001 in00000090232
005 20151008065638.0
008 770919s1976 txua b s00010 engm
010 |a  77622432  
035 |a (OCoLC)02891041 
035 |9 AAK6319AM 
040 |a DLC  |c DLC  |d m.c.  |d TXA  |d UtOrBLW 
043 |a n-us-tx 
049 |a TXAM  
050 0 0 |a QE167  |b  T42 no. 86 
082 0 |a 553/.09764 s  |a 553/.09764/31 
100 1 |a Garner, L. E. 
245 1 0 |a Environmental geology of the Austin area :  |b an aid to urban planning /  |c by L.E. Garner and K.P. Young. 
264 1 |a Austin, Tex. :  |b Bureau of Economic Geology, University of Texas at Austin,  |c 1976. 
300 |a iv, 39 pages :  |b illustrations ;  |c 28 cm. 
336 |a text  |b txt  |2 rdacontent 
337 |a unmediated  |b n  |2 rdamedia 
338 |a volume  |b nc  |2 rdacarrier 
490 1 |a Report of investigations / Bureau of Economic Geology, University of Texas at Austin ;  |v no. 86 
500 |a Part of illustrative matter fold. in pocket. 
504 |a Bibliography; pages 38-39. 
650 0 |a Geology  |z Texas  |z Austin Region. 
650 0 |a Land use  |z Texas  |z Austin Region  |x Planning. 
700 1 |a Young, Keith Preston,  |d 1941- 
830 0 |a Report of investigations (University of Texas at Austin. Bureau of Economic Geology) ;  |v no. 86. 
999 |a MARS 
999 f f |s c3c241f0-6518-3d58-afa3-1a8c1b906b4f  |i f4c5a36e-000d-3b67-8ee5-210145fbed22  |t 0 
952 f f |p noncirc  |a Texas A&M University  |b College Station  |c Sterling C. Evans Library  |d Evans: Maps (2nd floor)  |t 0  |e QE167 T42 no. 86  |h Library of Congress classification  |i unmediated -- volume  |m A14806003011 
998 f f |a QE167 T42 no. 86  |t 0  |l Evans: Maps (2nd floor)